| 000 | 008410am a2200241 004500 | ||
|---|---|---|---|
| 003 | EG-GiCUC | ||
| 008 | 080727s1963 ua g 000 0 ara d | ||
| 040 |
_aEG-GiCUC _bara _cEG-GiCUC |
||
| 050 | 4 |
_aHF5415 _bA33 1963 |
|
| 092 | 0 | 4 |
_a658.8 _bA1359 _221 |
| 099 |
_a04 _a658.8 A1359 |
||
| 100 | 1 | _aعبده : على عبد المجيد | |
| 245 | 1 | 2 |
_aالاصول العلمية للتسويق / _cعلى عبد المجيد عبده |
| 260 |
_aالقاهرة : _bمطبعة التقدم : _c1963 |
||
| 300 |
_a566ص ؛ _c24سم |
||
| 504 | _aيشتمل على ارجاعات بيبليوجرافية | ||
| 650 | 7 |
_aالتسويق _2qrmak |
|
| 902 | _a1 | ||
| 905 |
_aجيهان _eمراجع |
||
| 905 |
_aرضا _eمدخل |
||
| 942 |
_2ddc _cBK |
||
| 999 |
_c100609 _d100609 |
||